01475 2200385 4500001002100000005001500021035002000036007000300056008004100059100003100100245025100131250001200382300003800394700003100432700002800463700003200491700002600523700002800549700003300577700003300610700002400643700003000667700002800697700002900725700003700754264002700791336002100818337003000839338002300869082001300892084001900905650007400924650007800998990001301076INLIS00000000112126420241112093606 a0010-1024000096ta241112 0 ind 0 aDaniel DhakidaeePengarang1 aMembongkar Dan Merangkai Pancasila /cDaniel Dhakidae, F Budi Hardiman, Rocky Gerung, Makarim Wibisono, Anas Saidi, Cornelis Lay, Yustinus Prastowo, Ignatius Haryanto, Hariyono, Robertus Robet, Syaiful Arif, Purwo Santoso, Diasma Sandi Swandaru aEdisi 2 a200 halaman :bilustrasi ;c26 cm0 aF Budi HardimanePengarang0 aRocky GerungePengarang0 aMakarim WibisonoePengarang0 aAnas SaidiePengarang0 aCornelis LayePengarang0 aYustinus PrastowoePengarang0 aIgnatius HaryantoePengarang0 aHariyonoePengarang0 aRobertus RobetePengarang0 aSyaiful ArifePengarang0 aPurwo SantosoePengarang0 aDiasma Sandi SwandaruePengarang aDepok :bPrisma,c2018 2rdacontentaTeks 2rdamediaaTanpa Perantara 2rdacarrieraVolume a320.9598 a320.9598 DAN m 4aPancasila; Ideologi Indonesia; Sejarah Pancasila; Filosofi Kebangsaan 4aPancasila; Indonesian Ideology; History of Pancasila; National Philosophy a24/00281